[Event "GER CM03-C email"]
[Site "GER email"]
[Date "2016.06.26"]
[Round "?"]
[White "De Homont, Rene"]
[Black "Baumgartner, Ulrich"]
[Result "1-0"]
[WhiteElo "2323"]
[BlackElo "2381"]
[PlyCount "67"]
[EventDate "2016.??.??"]
[EventType "tourn (corr)"]
[EventRounds "13"]
[EventCountry "GER"]
[SourceTitle "Corr 2017"]
[Source "ChessBase"]
[SourceDate "2017.09.19"]
[SourceVersion "1"]
[SourceVersionDate "2017.09.19"]
[SourceQuality "1"]

1. e4 c6 2. d4 d5 3. e5 c5 4. dxc5 e6 5. a3 Bxc5 6. Nf3 a5 7. Nc3 Ne7 8. Bd3 Nbc6 9. Qe2 Bd7 10. h4 h6 11. Bd2 a4 12. h5 Qb6 13. 0-0-0 Bxf2 14. Nb5 Bc5 15. Nd6+ Kf8 16. Rhf1 Nf5 17. Nxf5 exf5 18. Nh4 Nd4 19. Qe1 Bxa3 20. bxa3 Nb3+ 21. cxb3 Rc8+ 22. Bc3 Qxb3 23. Kd2 Qxc3+ 24. Ke2 Qb2+ 25. Kf3 Qxa3 26. Kg3 Qc3 27. Qe3 Re8 28. Rde1 d4 29. Qf3 g6 30. hxg6 Rg8 31. Kh2 fxg6 32. Qg3 Qc6 33. Rc1 Qe6 34. Rc7 1-0

[Event "GER-chT11-B3 email"]
[Site "GER email"]
[Date "2015.10.15"]
[Round "?.3"]
[White "Baumgartner, Ulrich"]
[Black "Bars, Joachim"]
[Result "1/2-1/2"]
[WhiteElo "2388"]
[BlackElo "2359"]
[PlyCount "97"]
[EventDate "2015.??.??"]
[EventType "tourn (corr)"]
[EventRounds "8"]
[EventCountry "GER"]
[SourceTitle "Corr 2017"]
[Source "ChessBase"]
[SourceDate "2017.09.19"]
[SourceVersion "1"]
[SourceVersionDate "2017.09.19"]
[SourceQuality "1"]
[WhiteTeam "Eintracht Langenbek"]
[BlackTeam "Springergabel"]

1. d4 Nf6 2. c4 e6 3. Nf3 b6 4. g3 Ba6 5. Qc2 c5 6. d5 exd5 7. cxd5 Bb7 8. Bg2 Nxd5 9. 0-0 Be7 10. Rd1 Nc6 11. Qa4 Nf6 12. Nh4 g6 13. Bh6 Bf8 14. Bg5 Be7 15. Nc3 0-0 16. Rd2 Rb8 17. Rad1 Nd4 18. Bxf6 Bxf6 19. e3 Bxg2 20. Kxg2 Bxh4 21. exd4 Bg5 22. Re2 Rb7 23. h4 Bf6 24. Nd5 Bg7 25. dxc5 bxc5 26. b3 d6 27. h5 Kh8 28. Qe4 Rd7 29. Qf4 gxh5 30. Qf5 Re8 31. Qxh5 Re5 32. Qf3 Qa8 33. Red2 Rd8 34. Ne3 Qxf3+ 35. Kxf3 Bf8 36. Nc4 Re6 37. Rd5 Be7 38. Ne3 Kg7 39. Kg2 Kg6 40. Nf5 Bf6 41. g4 Be5 42. Rh1 a5 43. Rh6+ Kg5 44. Rxh7 Kxg4 45. Nh6+ Kf4 46. Nxf7 Rg8+ 47. Kf1 Bc3 48. Rh4+ Rg4 49. Rxg4+ 1/2-1/2